| 000 | 00880nam a22002297a 4500 | ||
|---|---|---|---|
| 999 |
_c63700 _d63700 |
||
| 005 | 20240530110654.0 | ||
| 008 | 171218s2015 ua a g b 000 0 ara d | ||
| 017 |
_a2015/2618 _bمصر. دار الكتب |
||
| 020 | _a9777800105 | ||
| 040 |
_aEG-CaGPL _cEG-CaGPL |
||
| 082 | 0 | 4 |
_221 _a413.028 / _bت ج |
| 100 | 0 | _aتامر سعد الغزاوى | |
| 245 | 1 | 0 |
_aجهود الدكتور احمد مختار عمر المعجمية : _bدراسة وصفية نقدية / _cتامر سعد الغزاوى |
| 260 |
_aالقاهرة : _bعالم الكتب ، _c2015. |
||
| 300 |
_a326 ص. : _bجداول ؛ _c24 سم. |
||
| 504 | _aيشتمل على ارجاعات ببليوجرافية | ||
| 650 | 0 | 7 |
_2qrmak _aالمعاجم |
| 650 | 0 | 7 |
_2qrmak _aاللغة العربية _vمعاجم |
| 651 | _2qrmak | ||
| 942 |
_2ddc _cBK |
||